Electricity Markets: Pricing, Structure and Economics

সংরক্ষণ করুন:
গ্রন্থ-পঞ্জীর বিবরন
প্রধান লেখক:  Haris, Chris
বিন্যাস: Sách
ভাষা:Undetermined
প্রকাশিত:  John Wiley & Sons  2006
বিষয়গুলি:
ট্যাগগুলো: ট্যাগ যুক্ত করুন
কোনো ট্যাগ নেই, প্রথমজন হিসাবে ট্যাগ করুন!
Thư viện lưu trữ: Trung tâm Thư viện - Trường Đại học Công nghiệp TP. Hồ Chí Minh
LEADER 00521nam a2200157Ia 4500
001 UIH_04425
008 231011s9999 xx 000 0 und d
082 |a  333.79323 
100 |a  Haris, Chris 
245 0 |a  Electricity Markets: Pricing, Structure and Economics 
245 0 |c  Haris, Chris 
260 |b  John Wiley & Sons 
260 |c  2006 
650 |a  Tiện ích điện; Điện năng;  
927 |a Sách 
980 |a Trung tâm Thư viện - Trường Đại học Công nghiệp TP. Hồ Chí Minh